Wrestling Firsts - WWE - Statistics

General Stats
  • This quiz has been taken 43 times
  • The average score is 22 of 63
Answer Stats
First: Wrestler % Correct
WWE World Heavyweight Champion Seth Rollins
86%
NXT Champion Seth Rollins
86%
Male NXT Callup Seth Rollins
86%
World Heavyweight Champion Triple H
71%
WWE Champion Buddy Rogers
66%
Men's MITB Winner Edge
66%
WWE Women's Champion Asuka
63%
Women's Royal Rumble Winner Asuka
63%
WWE Universal Champion Finn Balor
60%
Men's Dusty Rhodes Tag Team Classic Winner Finn Balor
60%
Men's Royal Rumble Winner Jim Duggan
60%
Roman Reigns
57%
Elimination Chamber Winner Shawn Michaels
57%
WWE Women's Tag Team Champion Bayley
54%
Dean Ambrose
51%
Raw Tag Team Champion Kurt Angle
51%
NXT Women's Champion Paige
51%
WWE Intercontinental Champion Pat Patterson
51%
Women's MITB Winner Carmella
49%
NXT United Kingdom Champion Tyler Bate
49%
WWE Women's Intercontinental Champion Lyra Valkyria
46%
WWE Women's United States Champion Chelsea Green
43%
R-Truth
43%
NXT North American Champion Adam Cole
40%
Chris Benoit
40%
Sasha Banks
40%
WWE World Tag Team Champion The Miz
40%
WWE United States Champion Eddie Guerrero
37%
WWE Hardcore Champion Mankind
37%
WWE Women's World Champion Rhea Ripley
37%
NXT UK Women's Champion Rhea Ripley
37%
WWE Speed Champion Ricochet
34%
Samoa Joe
31%
Queen of the Ring Zelina Vega
31%
Smackdown Tag Team Champion Heath Slater
29%
Rhyno
29%
Grayson Waller
26%
Men's Iron Survivor Winner Grayson Waller
26%
WWE Diva's Champion Michelle McCool
26%
WWE European Champion The British Bulldog
26%
NXT Women's North American Champion Kelani Jordan
23%
NXT Cruiserweight Champion TJ Perkins
23%
NXT Tag Team Champion Adrian Neville
20%
WWE Tag Team Champion Austin Theory
20%
Women's NXT Breakout Star Tournament Winner Roxanne Perez
20%
Women's Iron Survivor Winner Roxanne Perez
20%
WWE Light Heavyweight Champion Taka Michinoku
20%
NXT Heritage Cup Champion A-Kid
17%
Oliver Grey
17%
Female NXT Callup Summer Rae
17%
WWE Women's Champion The Fabulous Moolah
17%
King of the Ring Don Muraco
14%
NXT Women's Tag Team Champion Dakota Kai
11%
Women's Dusty Rhodes Tag Team Classic Winner Dakota Kai
11%
Raquel Gonzalez
11%
Raquel Gonzalez
11%
Men's NXT Breakout Star Tournament Winner Jordan Myles
9%
NXT UK Tag Team Champion James Drake
6%
World Tag Team Champion Luke Graham
6%
Tarzan Tyler
6%
Royal Rumble #30 Ted Dibiase
6%
Zack Gibson
6%
WWE Cruiserweight Champion Shane Helms
0%
No matching quizzes found
Score Distribution
Percent of People with Each Score
Percentile by Number Answered
Your Score History
You have not taken this quiz